Normal view
MARC view
- Muhammad Javed Iqbal
Entry Personal Name
001 - CONTROL NUMBER
- control field: 92553
003 - CONTROL NUMBER IDENTIFIER
- control field: NUST
005 - DATE AND TIME OF LATEST TRANSACTION
- control field: 20220703175838.0
008 - FIXED-LENGTH DATA ELEMENTS
- fixed length control field: 220703|| aca||aabn | a|a d
040 ## - CATALOGING SOURCE
- Original cataloging agency: NUST
- Transcribing agency: NUST
100 ## - HEADING--PERSONAL NAME
- Personal name: Muhammad Javed Iqbal
670 ## - SOURCE DATA FOUND
- Source citation: Work cat.: (NUST)11290: Muhammad Javed Iqbal, Modeling simulation fault analysis and harmonics mitigation of grid connedted wind farms, 2012
